LEADER 01241nam0 2200301 i 450 001 CFI0105590 005 20231121125436.0 020 $aIT$b89-8460 100 $a20030327d1987 ||||0itac50 ba 101 | $aita 102 $ait 181 1$6z01$ai $bxxxe 182 1$6z01$an 200 1 $a˜L'œantropologia di Cassiodoro$etra ispirazione agostiniana e suggestioni del mondo classico$enote teoretiche e filologiche sul De anima$fFrancesco D'Elia 210 $aRoma$cGesualdi$d1987 215 $a104 p.$d20 cm. 606 $aCassiodoro, Flavio Magno Aurelio . De anima$2FIR$3RMLC201474$9I 700 1$aD'Elia$b, Francesco$3CFIV066170$4070$0217302 790 1$aD'Elia$b, Francesco$f <1928-2012>$3BVEV235328$zD'Elia, Francesco 801 3$aIT$bIT-01$c20030327 850 $aIT-RM028 $aIT-FR0017 899 $aBiblioteca Universitaria Alessandrina$bRM028 899 $aBiblioteca umanistica Giorgio Aprea$bFR0017 $eN 912 $aCFI0105590 950 0$aBiblioteca umanistica Giorgio Aprea$d 52MAG 1/2887$e 52MAG0000198495 VMB RS $fA $h20181112$i20181112 977 $a 01$a 52 996 $aAntropologia di Cassiodoro$9605435 997 $aUNICAS